[Event "Oberliga NRW 2324"]
[Site "Germany"]
[Date "2024.01.28"]
[Round "5.4"]
[White "Meyer, Armin"]
[Black "Illner, Achim"]
[Result "1/2-1/2"]
[WhiteElo "2182"]
[BlackElo "2436"]
[PlyCount "81"]
[EventDate "2023.09.03"]
[EventType "team-tourn"]
[EventRounds "9"]
[EventCountry "GER"]
[SourceTitle "EXT 2025"]
[Source "ChessBase"]
[SourceDate "2024.10.14"]
[SourceVersion "1"]
[SourceVersionDate "2024.10.14"]
[SourceQuality "1"]
[WhiteTeam "Essen Katernberg II"]
[BlackTeam "Bochum SV"]
[WhiteTeamCountry "GER"]
[BlackTeamCountry "GER"]

1. Nf3 d5 2. e3 Nf6 3. c4 e6 4. b3 Be7 5. Nc3 0-0 6. Bb2 b6 7. cxd5 exd5 8. d4 Bb7 9. Bd3 Nbd7 10. 0-0 Re8 11. Rc1 a6 12. Ne2 Bd6 13. Qc2 Rc8 14. Bf5 g6 15. Bh3 Ne4 16. Ne5 f5 17. Nxd7 Qxd7 18. g3 c5 19. Qd3 c4 20. Qd1 b5 21. Bg2 b4 22. Rc2 a5 23. Nf4 Qf7 24. f3 Nf6 25. Re1 g5 26. Nh3 Qg6 27. Nf2 c3 28. Bc1 Ba6 29. Bf1 Bxf1 30. Kxf1 Rc7 31. Qd3 Rce7 32. Rce2 Bc7 33. a3 g4 34. f4 Rb8 35. axb4 axb4 36. Ra2 Ne4 37. Nxe4 Rxe4 38. Ree2 Qc6 39. Ra6 Bb6 40. Rea2 Kf7 41. R2a4 1/2-1/2

[Event "Oberliga NRW 2324"]
[Site "Germany"]
[Date "2023.09.24"]
[Round "2.4"]
[White "Illner, Achim"]
[Black "De Boer, Bas"]
[Result "1-0"]
[WhiteElo "2436"]
[BlackElo "2218"]
[PlyCount "147"]
[EventDate "2023.09.03"]
[EventType "team-tourn"]
[EventRounds "9"]
[EventCountry "GER"]
[SourceTitle "EXT 2025"]
[Source "ChessBase"]
[SourceDate "2024.10.14"]
[SourceVersion "1"]
[SourceVersionDate "2024.10.14"]
[SourceQuality "1"]
[WhiteTeam "Bochum SV"]
[BlackTeam "Muelheim Nord II"]
[WhiteTeamCountry "GER"]
[BlackTeamCountry "GER"]

1. d4 Nf6 2. Nf3 d5 3. c4 e6 4. g3 Bb4+ 5. Bd2 Be7 6. Bg2 0-0 7. 0-0 c6 8. Qc2 b6 9. Rd1 Bb7 10. Bf4 Nbd7 11. Nbd2 c5 12. dxc5 bxc5 13. Ne5 Nxe5 14. Bxe5 Qb6 15. e3 Rfd8 16. Nb3 Rac8 17. Bc3 Qa6 18. Na5 Ba8 19. Qa4 Qb6 20. a3 Bf8 21. Bxf6 gxf6 22. Rab1 d4 23. Bxa8 Rxa8 24. exd4 cxd4 25. b4 e5 26. Qc6 Rac8 27. Qe4 Qe6 28. g4 Bh6 29. Rd3 Bf4 30. h3 Kg7 31. Nb7 Rh8 32. c5 h5 33. Nd6 hxg4 34. hxg4 Rh2 35. Rbb3 Rch8 36. Nf5+ Kf8 37. Qa8+ Qe8 38. Qxe8+ Kxe8 39. Ng7+ Ke7 40. Nh5 Rh4 41. Nxf4 exf4 42. Kf1 Rxg4 43. Ke2 Rd8 44. b5 Rg5 45. c6 Rc5 46. Rb4 a6 47. a4 axb5 48. axb5 Ke6 49. Kf3 Rb8 50. Rdxd4 Rcxb5 51. Rbc4 Rc8 52. c7 Ke7 53. Rc6 Re5 54. Kxf4 Re6 55. Rc5 Rd6 56. Rdc4 Re6 57. Kf5 Rd6 58. f4 Kd7 59. Re4 Rxc7 60. Rxc7+ Kxc7 61. Re7+ Kd8 62. Rxf7 Ke8 63. Rxf6 Rd1 64. Rb6 Rf1 65. Rb8+ Ke7 66. Rb7+ Kd6 67. Rg7 Ra1 68. Kf6 Ra6 69. f5 Kd5+ 70. Kg5 Ra1 71. Re7 Ra6 72. f6 Kd6 73. Re2 Kd7 74. f7 1-0

[Event "Oberliga NRW 2122"]
[Site "Germany"]
[Date "2022.03.13"]
[Round "7.2"]
[White "Illner, Achim"]
[Black "Luft, Dennis"]
[Result "1/2-1/2"]
[WhiteElo "2464"]
[BlackElo "2316"]
[PlyCount "109"]
[EventDate "2021.10.31"]
[EventType "team-tourn"]
[EventRounds "9"]
[EventCountry "GER"]
[SourceTitle "EXT 2023"]
[Source "ChessBase"]
[SourceDate "2022.10.05"]
[SourceVersion "1"]
[SourceVersionDate "2022.10.05"]
[SourceQuality "1"]
[WhiteTeam "Bochum II"]
[BlackTeam "Brackel"]
[WhiteTeamCountry "GER"]
[BlackTeamCountry "GER"]

1. d4 Nf6 2. Nf3 e6 3. c4 d5 4. Nc3 Bb4 5. Qa4+ Nc6 6. e3 Bd7 7. Qc2 0-0 8. Bd2 Re8 9. a3 Bxc3 10. Bxc3 Ne4 11. Bd3 Nxc3 12. bxc3 h6 13. 0-0 Na5 14. cxd5 exd5 15. Ne5 b5 16. a4 Nc4 17. Nxd7 Qxd7 18. axb5 Qxb5 19. Rfb1 Qc6 20. Qa4 Re6 21. Qxc6 Rxc6 22. Rxa7 Rc8 23. Bxc4 Rxc4 24. Rb3 c5 25. g4 Rd8 26. h4 g5 27. hxg5 hxg5 28. Ra5 Rc8 29. Kg2 Rc6 30. Kg3 Kg7 31. f4 Re6 32. Kf3 gxf4 33. Kxf4 Kf6 34. Kf3 Re4 35. Rb6+ Kg7 36. Rxc5 Rxc5 37. dxc5 Rc4 38. c6 Kf6 39. c7+ Ke5 40. Rb7 Ke6 41. g5 Rxc3 42. Kg4 Rc1 43. Rb6+ Ke7 44. Kf5 Rxc7 45. Ke5 Rc3 46. Rb7+ Kf8 47. Kd4 Rc4+ 48. Kxd5 Rg4 49. e4 Rxg5+ 50. e5 Rg6 51. Rb8+ Ke7 52. Rb7+ Kf8 53. Rb8+ Ke7 54. Rb7+ Kf8 55. Rb8+ 1/2-1/2

[Event "Oberliga NRW 2122"]
[Site "Germany"]
[Date "2021.10.31"]
[Round "1.2"]
[White "Soukup, Jiri"]
[Black "Illner, Achim"]
[Result "1/2-1/2"]
[WhiteElo "2375"]
[BlackElo "2464"]
[PlyCount "43"]
[EventDate "2021.10.31"]
[EventType "team-tourn"]
[EventRounds "9"]
[EventCountry "GER"]
[SourceTitle "EXT 2023"]
[Source "ChessBase"]
[SourceDate "2022.10.05"]
[SourceVersion "1"]
[SourceVersionDate "2022.10.05"]
[SourceQuality "1"]
[WhiteTeam "Letmathe"]
[BlackTeam "Bochum II"]
[WhiteTeamCountry "GER"]
[BlackTeamCountry "GER"]

1. e4 c5 2. Nf3 Nc6 3. d4 cxd4 4. Nxd4 Qb6 5. Nb5 Nf6 6. N1c3 a6 7. Na3 e6 8. Nc4 Qc7 9. Bd3 d5 10. Nd2 Bd6 11. Nf3 0-0 12. Bg5 dxe4 13. Nxe4 Nxe4 14. Bxe4 f5 15. Bxc6 Qxc6 16. 0-0 e5 17. Re1 h6 18. Bd2 Qc7 19. Bc3 e4 20. Qd5+ Kh7 21. Rad1 Bc5 22. Be5 1/2-1/2

[Event "BL2-West 1920"]
[Site "Germany"]
[Date "2019.10.20"]
[Round "2.2"]
[White "Schenderowitsch, Michael"]
[Black "Illner, Achim"]
[Result "1-0"]
[WhiteElo "2334"]
[BlackElo "2474"]
[PlyCount "44"]
[EventDate "2019.09.19"]
[EventType "team-tourn"]
[EventRounds "9"]
[EventCountry "GER"]
[SourceTitle "EXT 2023"]
[Source "ChessBase"]
[SourceDate "2022.10.05"]
[SourceVersion "1"]
[SourceVersionDate "2022.10.05"]
[SourceQuality "1"]
[WhiteTeam "Koblenz SV"]
[BlackTeam "Bochum"]
[WhiteTeamCountry "GER"]
[BlackTeamCountry "GER"]

1. d4 Nf6 2. c4 e6 3. Nf3 d5 4. cxd5 exd5 5. Nc3 c6 6. Qc2 Be6 7. Bg5 Nbd7 8. e3 h6 9. Bh4 g5 10. Bg3 Nh5 11. Bd3 Nxg3 12. hxg3 Qf6 13. a3 Be7 14. Na4 h5 15. Nc5 Nxc5 16. dxc5 h4 17. gxh4 gxh4 18. Nd4 Rg8 19. Bf1 a5 20. a4 Bg4 21. f3 Bd7 22. 0-0-0 Rb8 1-0

[Event "BEL-chT 1920"]
[Site "Belgium"]
[Date "2019.10.13"]
[Round "2.1"]
[White "Zelbel, Patrick"]
[Black "Illner, Achim"]
[Result "1/2-1/2"]
[WhiteElo "2439"]
[BlackElo "2474"]
[PlyCount "34"]
[EventDate "2019.09.29"]
[EventType "team-tourn"]
[EventRounds "11"]
[EventCountry "BEL"]
[SourceTitle "CBM 195 Extra"]
[Source "ChessBase"]
[SourceDate "2020.05.31"]
[SourceVersion "1"]
[SourceVersionDate "2020.05.31"]
[SourceQuality "1"]
[WhiteTeam "KSK47 Eynatten"]
[BlackTeam "Eupen Rochade"]
[WhiteTeamCountry "BEL"]
[BlackTeamCountry "BEL"]

1. e4 c6 2. Nc3 d5 3. Nf3 Nf6 4. e5 Ne4 5. Ne2 Qb6 6. d4 e6 7. Ng3 c5 8. Bd3 Nxg3 9. fxg3 Nc6 10. 0-0 cxd4 11. Qe2 h6 12. Nh4 Bd7 13. Bd2 g5 14. Nf3 Bg7 15. g4 0-0-0 16. b4 Kb8 17. Kh1 Qc7 1/2-1/2

[Event "BL2-West 1819"]
[Site "Germany"]
[Date "2019.01.20"]
[Round "5.3"]
[White "Cioara, Andrei Nestor"]
[Black "Illner, Achim"]
[Result "0-1"]
[WhiteElo "2425"]
[BlackElo "2468"]
[PlyCount "90"]
[EventDate "2018.11.21"]
[EventType "team-tourn"]
[EventRounds "9"]
[EventCountry "GER"]
[SourceTitle "CBM 190 Extra"]
[Source "ChessBase"]
[SourceDate "2019.07.15"]
[SourceVersion "1"]
[SourceVersionDate "2019.07.15"]
[SourceQuality "1"]
[WhiteTeam "Remagen Sinzig"]
[BlackTeam "Bochum SV"]
[WhiteTeamCountry "GER"]
[BlackTeamCountry "GER"]

1. d4 d5 2. Nf3 Nf6 3. c4 e6 4. g3 dxc4 5. Bg2 b5 6. a4 c6 7. Ne5 Bb4+ 8. Bd2 Bxd2+ 9. Nxd2 Nd5 10. Ne4 f6 11. Nf3 0-0 12. 0-0 a5 13. Bh3 Na6 14. Qd2 b4 15. Qc2 f5 16. Ned2 c3 17. bxc3 bxc3 18. Nb1 Nab4 19. Qc1 Ba6 20. Re1 c5 21. Nxc3 cxd4 22. Nxd4 Rc8 23. Nxe6 Qe7 24. Nxf8 Nxc3 25. Qd2 Qxf8 26. Bg2 Qd8 27. Qb2 Qf6 28. Bf3 Rc5 29. Kg2 Bc4 30. Rec1 Ne4 31. Qxf6 Nxf6 32. Ra3 Nd7 33. Rd1 Ne5 34. Rc1 Kf7 35. Rac3 Ke6 36. Re3 g5 37. Ba8 g4 38. f4 gxf3+ 39. exf3 Kf6 40. h3 Rc8 41. Bb7 Rc7 42. Ba8 Ned3 43. Rc3 Nb2 44. Rc1 Rc8 45. Re2 N2d3 0-1

[Event "BL2-West 1819"]
[Site "Germany"]
[Date "2018.11.11"]
[Round "2.3"]
[White "Piceu, Tom"]
[Black "Illner, Achim"]
[Result "1/2-1/2"]
[WhiteElo "2348"]
[BlackElo "2468"]
[PlyCount "40"]
[EventDate "2018.11.21"]
[EventType "team-tourn"]
[EventRounds "9"]
[EventCountry "GER"]
[SourceTitle "CBM 190 Extra"]
[Source "ChessBase"]
[SourceDate "2019.07.15"]
[SourceVersion "1"]
[SourceVersionDate "2019.07.15"]
[SourceQuality "1"]
[WhiteTeam "Aachen SV"]
[BlackTeam "Bochum SV"]
[WhiteTeamCountry "GER"]
[BlackTeamCountry "GER"]

1. d4 Nf6 2. Nf3 e6 3. e3 b6 4. Bd3 Bb7 5. 0-0 c5 6. Nbd2 Nc6 7. c3 Qc7 8. Re1 Be7 9. a3 d5 10. b4 0-0 11. dxc5 bxc5 12. e4 Ne5 13. Bb1 dxe4 14. Nxe4 Rad8 15. Qe2 cxb4 16. cxb4 Bxe4 17. Bxe4 Nxe4 18. Qxe4 Nd3 19. Rf1 Bf6 20. Rb1 Qc3 1/2-1/2

[Event "Oberliga NRW 1718"]
[Site "Germany"]
[Date "2018.04.08"]
[Round "8.3"]
[White "Savchenko, Aleksij"]
[Black "Illner, Achim"]
[Result "0-1"]
[WhiteElo "2260"]
[BlackElo "2445"]
[PlyCount "42"]
[EventDate "2017.09.17"]
[EventType "team-tourn"]
[EventRounds "9"]
[EventCountry "GER"]
[SourceTitle "EXT 2019"]
[Source "ChessBase"]
[SourceDate "2018.10.10"]
[SourceVersion "1"]
[SourceVersionDate "2018.10.10"]
[SourceQuality "1"]
[WhiteTeam "Wuppertal Bahn"]
[BlackTeam "Bochum SV"]
[WhiteTeamCountry "GER"]
[BlackTeamCountry "GER"]

1. e4 e6 2. d4 d5 3. e5 c5 4. dxc5 Nc6 5. Nf3 Bxc5 6. Bd3 f6 7. Qe2 fxe5 8. Nxe5 Nxe5 9. Qxe5 Nf6 10. 0-0 0-0 11. Bg5 Qb6 12. Be3 Bxe3 13. fxe3 Ng4 14. Rxf8+ Kxf8 15. Qf4+ Kg8 16. Qxg4 Qxe3+ 17. Kf1 Bd7 18. Qf3 Rf8 19. Qxf8+ Kxf8 20. Nc3 g6 21. Re1 Qd4 0-1

[Event "NRW Class Playoff"]
[Site "Germany"]
[Date "2017.07.02"]
[Round "1.3"]
[White "Erwich, Marc"]
[Black "Illner, Achim"]
[Result "0-1"]
[WhiteElo "2370"]
[BlackElo "2467"]
[PlyCount "90"]
[EventDate "2017.07.02"]
[EventType "team-match"]
[EventRounds "1"]
[EventCountry "GER"]
[SourceTitle "EXT 2023"]
[Source "ChessBase"]
[SourceDate "2022.10.05"]
[SourceVersion "1"]
[SourceVersionDate "2022.10.05"]
[SourceQuality "1"]
[WhiteTeam "Erkenschwick"]
[BlackTeam "Bochum SV"]
[WhiteTeamCountry "GER"]
[BlackTeamCountry "GER"]

1. e4 e5 2. Nf3 Nf6 3. Nxe5 d6 4. Nf3 Nxe4 5. d4 d5 6. Bd3 Nc6 7. 0-0 Bg4 8. Re1 Be7 9. c3 f5 10. Nbd2 0-0 11. Qb3 Na5 12. Qa4 Nc6 13. Bb5 Bh4 14. g3 Bf6 15. Bxc6 bxc6 16. Qxc6 Re8 17. Ne5 Bxe5 18. dxe5 Rxe5 19. Nxe4 fxe4 20. Bf4 Re6 21. Qxc7 Qxc7 22. Bxc7 g5 23. Ba5 Rc8 24. Bb4 Bf3 25. a4 Rcc6 26. Rac1 Rh6 27. h4 gxh4 28. g4 Rhg6 29. Kh2 Kf7 30. c4 dxc4 31. Rg1 Bxg4 32. Bc3 Rcd6 33. Rce1 Bf5 34. Rgf1 Rd3 35. Re3 Ke6 36. Rfe1 h3 37. Rg1 Kd5 38. a5 a6 39. Rgg3 Bg4 40. Rg1 h5 41. Rge1 Re6 42. Rg1 Re7 43. Ra1 Rf7 44. Be1 Rxe3 45. fxe3 Rf1 0-1

[Event "Ruhrgebiet Regionalliga 1516"]
[Site "Germany"]
[Date "2015.09.13"]
[Round "1.2"]
[White "Illner, Achim"]
[Black "Buckels, Valentin"]
[Result "1-0"]
[WhiteElo "2452"]
[BlackElo "2170"]
[PlyCount "55"]
[EventDate "2015.09.13"]
[EventType "team-tourn"]
[EventRounds "9"]
[EventCountry "GER"]
[SourceTitle "EXT 2022"]
[Source "ChessBase"]
[SourceDate "2021.10.06"]
[SourceVersion "1"]
[SourceVersionDate "2021.10.06"]
[SourceQuality "1"]
[WhiteTeam "Bochum SV"]
[BlackTeam "Muelheim Nord III"]
[WhiteTeamCountry "GER"]
[BlackTeamCountry "GER"]

1. d4 Nf6 2. Nf3 e6 3. c4 Bb4+ 4. Bd2 Qe7 5. g3 Nc6 6. Bg2 Bxd2+ 7. Nbxd2 d6 8. e4 a5 9. 0-0 e5 10. d5 Nb8 11. Ne1 0-0 12. Nd3 Na6 13. f4 exf4 14. gxf4 Nd7 15. Qe2 Nac5 16. Rae1 b6 17. Nf2 Rb8 18. Nf3 Bb7 19. Nd4 Rbe8 20. Qd2 Qh4 21. Bf3 Qh6 22. Ng4 Qh4 23. Nf5 Qd8 24. e5 dxe5 25. fxe5 h5 26. Nf6+ Nxf6 27. Qg5 g6 28. Qh6 1-0

[Event "BL2-West 1415"]
[Site "Germany"]
[Date "2015.04.12"]
[Round "9.4"]
[White "Illner, Achim"]
[Black "Jackelen, Thomas"]
[Result "1-0"]
[WhiteElo "2472"]
[BlackElo "2410"]
[PlyCount "69"]
[EventDate "2014.09.21"]
[EventType "team-tourn"]
[EventRounds "9"]
[EventCountry "GER"]
[SourceTitle "CBM 166 Extra"]
[Source "ChessBase"]
[SourceDate "2015.06.18"]
[SourceVersion "1"]
[SourceVersionDate "2015.06.18"]
[SourceQuality "1"]
[WhiteTeam "Bochum SV"]
[BlackTeam "Godesberg"]
[WhiteTeamCountry "GER"]
[BlackTeamCountry "GER"]

1. c4 b6 2. d4 Bb7 3. Nf3 e6 4. g3 Bb4+ 5. Bd2 c5 6. Bg2 Bxd2+ 7. Qxd2 cxd4 8. Qxd4 Nf6 9. Nc3 Na6 10. Rd1 Nc5 11. 0-0 0-0 12. Ne5 Bxg2 13. Kxg2 a5 14. f3 Qc8 15. e4 Rd8 16. Qd6 Qb8 17. Qxb8 Raxb8 18. Rf2 Kf8 19. Rfd2 Ke7 20. b3 Ne8 21. Rxd7+ Rxd7 22. Nc6+ Kf8 23. Nxb8 Rxd1 24. Nxd1 Ke7 25. Nc3 Nd6 26. Nc6+ Kd7 27. Nd4 g6 28. e5 Nf5 29. Nxf5 gxf5 30. f4 Ke7 31. Kf3 f6 32. exf6+ Kxf6 33. Ke3 Ke7 34. Kd4 Kd6 35. Na4 1-0

[Event "BL2-West 1415"]
[Site "Germany"]
[Date "2014.09.21"]
[Round "1.2"]
[White "Illner, Achim"]
[Black "Orlov, Andrey"]
[Result "1/2-1/2"]
[WhiteElo "2472"]
[BlackElo "2503"]
[PlyCount "24"]
[EventDate "2014.09.21"]
[EventType "team-tourn"]
[EventRounds "9"]
[EventCountry "GER"]
[SourceTitle "CBM 166 Extra"]
[Source "ChessBase"]
[SourceDate "2015.06.18"]
[SourceVersion "1"]
[SourceVersionDate "2015.06.18"]
[SourceQuality "1"]
[WhiteTeam "Bochum SV"]
[BlackTeam "Bochum SG"]
[WhiteTeamCountry "GER"]
[BlackTeamCountry "GER"]

1. e4 e5 2. Nf3 Nc6 3. Nc3 Nf6 4. Bb5 Nd4 5. Nxd4 exd4 6. e5 dxc3 7. exf6 Qxf6 8. dxc3 Qe5+ 9. Qe2 Qxe2+ 10. Bxe2 d5 11. Be3 Be6 12. 0-0 Be7 1/2-1/2

[Event "BEL-chT 1314"]
[Site "Belgium"]
[Date "2014.01.26"]
[Round "8.4"]
[White "Illner, Achim"]
[Black "Tan, Matthew"]
[Result "1/2-1/2"]
[WhiteElo "2464"]
[BlackElo "2438"]
[PlyCount "47"]
[EventDate "2013.09.22"]
[EventType "team-tourn"]
[EventRounds "11"]
[EventCountry "BEL"]
[SourceTitle "EXT 2015"]
[Source "ChessBase"]
[SourceDate "2014.11.20"]
[SourceVersion "1"]
[SourceVersionDate "2014.11.20"]
[SourceQuality "1"]
[WhiteTeam "KSK Rochade"]
[BlackTeam "Amay"]
[WhiteTeamCountry "BEL"]
[BlackTeamCountry "BEL"]

1. d4 Nf6 2. Nf3 c5 3. d5 b5 4. Bg5 Qb6 5. Nc3 b4 6. Na4 Qa5 7. c3 Ne4 8. Qc2 Nxg5 9. Nxg5 d6 10. a3 bxc3 11. Nxc3 g6 12. e4 Bg7 13. Be2 Ba6 14. 0-0 Bxe2 15. Qxe2 Nd7 16. Rfc1 0-0 17. Rc2 Rab8 18. Nf3 Rb7 19. Nd2 Rfb8 20. Qf1 Ne5 21. b3 Rxb3 22. Nxb3 Rxb3 23. Rac1 h5 24. Nb1 1/2-1/2

[Event "BEL-chT 1213"]
[Site "Belgium"]
[Date "2013.02.17"]
[Round "9.3"]
[White "Illner, Achim"]
[Black "Wemmers, Xander"]
[Result "1-0"]
[WhiteElo "2459"]
[BlackElo "2353"]
[PlyCount "113"]
[EventDate "2012.09.23"]
[EventType "team-tourn"]
[EventRounds "11"]
[EventCountry "BEL"]
[SourceTitle "EXT 2014"]
[Source "ChessBase"]
[SourceDate "2013.11.20"]
[SourceVersion "1"]
[SourceVersionDate "2013.11.20"]
[SourceQuality "1"]
[WhiteTeam "Rochade"]
[BlackTeam "Borgerhout"]
[WhiteTeamCountry "BEL"]
[BlackTeamCountry "BEL"]

1. Nf3 Nf6 2. c4 e6 3. g3 b6 4. d4 Bb7 5. Bg2 Bb4+ 6. Bd2 a5 7. 0-0 0-0 8. Bg5 Be7 9. Bxf6 Bxf6 10. Nc3 d6 11. Qd2 Nd7 12. Rfd1 g6 13. Rac1 Re8 14. h4 Bg7 15. h5 Nf6 16. hxg6 hxg6 17. Qf4 Nh5 18. Qe3 Qe7 19. Nh4 Bxg2 20. Nxg2 f5 21. Qf3 Rad8 22. e4 Qg5 23. Rc2 fxe4 24. Nxe4 Qf5 25. Nh4 Qxf3 26. Nxf3 Nf6 27. Neg5 Nd7 28. Re2 e5 29. Rde1 Rb8 30. a4 Rf8 31. Kg2 Bf6 32. dxe5 Bxg5 33. Nxg5 Nxe5 34. f4 Nd3 35. Rh1 Rfe8 36. Rd2 Nc5 37. Rh6 Ne4 38. Rxg6+ Kf8 39. Nxe4 Rxe4 40. Rc2 Rbe8 41. Kf3 Re3+ 42. Kg4 Kf7 43. Rg5 Rh8 44. Rc3 Re2 45. b3 Kf6 46. Rd3 Rh7 47. Rf3 Re4 48. Rd3 Re2 49. Kf3 Rhh2 50. Rg8 Rhf2+ 51. Kg4 Rh2 52. Rf8+ Ke7 53. Rc8 Kd7 54. Rg8 Rhg2 55. Rg7+ Kc6 56. Rf3 Re4 57. Kg5 1-0

[Event "BL2-West 1213"]
[Site "Germany"]
[Date "2013.02.03"]
[Round "6.4"]
[White "Illner, Achim"]
[Black "Haub, Thorsten Michael"]
[Result "0-1"]
[WhiteElo "2459"]
[BlackElo "2469"]
[PlyCount "104"]
[EventDate "2012.10.14"]
[EventType "team-tourn"]
[EventRounds "9"]
[EventCountry "GER"]
[SourceTitle "CBM 154 Extra"]
[Source "ChessBase"]
[SourceDate "2013.06.25"]
[SourceVersion "2"]
[SourceVersionDate "2013.06.25"]
[SourceQuality "1"]
[WhiteTeam "Bochum SV"]
[BlackTeam "Bochum SG"]
[WhiteTeamCountry "GER"]
[BlackTeamCountry "GER"]

1. Nf3 g6 2. e4 Bg7 3. d4 d6 4. Be3 c6 5. c4 a6 6. Nc3 b5 7. Qd2 Nf6 8. Bd3 0-0 9. h3 e5 10. dxe5 dxe5 11. Nxe5 Nxe4 12. Nxe4 Bxe5 13. 0-0-0 Bf5 14. Rhe1 Nd7 15. Bh6 Re8 16. g4 Be6 17. f4 bxc4 18. fxe5 cxd3 19. Qc3 Qe7 20. Rxd3 Bd5 21. e6 fxe6 22. Nd6 e5 23. Nxe8 Rxe8 24. Rde3 Qf6 25. g5 Qe7 26. b3 Qc5 27. Kb2 Qxc3+ 28. Kxc3 e4 29. Rd1 a5 30. Rf1 Nb6 31. Kd4 Nc8 32. Kc5 Ne7 33. Kb6 Nf5 34. Ree1 e3 35. Kxa5 e2 36. Rf4 c5 37. Kb6 Nd4 38. Rf2 Bf3 39. Kxc5 Nc2 40. Rexe2 Bxe2 41. a4 Ne1 42. Rf6 Nd3+ 43. Kd4 Rd8+ 44. Kc3 Nc5 45. Rc6 Ne4+ 46. Kb4 Rb8+ 47. Ka3 Nd2 48. Rc7 Rxb3+ 49. Ka2 Rb8 50. a5 Bc4+ 51. Ka3 Nb1+ 52. Ka4 Nc3+ 0-1

[Event "BEL-chT 1213"]
[Site "Belgium"]
[Date "2012.12.02"]
[Round "5.3"]
[White "Illner, Achim"]
[Black "Dambacher, Martijn"]
[Result "1/2-1/2"]
[WhiteElo "2459"]
[BlackElo "2480"]
[PlyCount "31"]
[EventDate "2012.09.23"]
[EventType "team-tourn"]
[EventRounds "11"]
[EventCountry "BEL"]
[SourceTitle "EXT 2014"]
[Source "ChessBase"]
[SourceDate "2013.11.20"]
[SourceVersion "1"]
[SourceVersionDate "2013.11.20"]
[SourceQuality "1"]
[WhiteTeam "Rochade"]
[BlackTeam "Eynatten"]
[WhiteTeamCountry "BEL"]
[BlackTeamCountry "BEL"]

1. d4 Nf6 2. Nf3 e6 3. c4 d5 4. g3 Be7 5. Bg2 0-0 6. 0-0 dxc4 7. Ne5 Nc6 8. Nxc6 bxc6 9. Na3 c3 10. bxc3 Nd5 11. Qc2 c5 12. Nc4 cxd4 13. cxd4 c5 14. dxc5 Bxc5 15. Bb2 Qe7 16. Rfd1 1/2-1/2

[Event "Budapest Sarkany GM 3rd"]
[Site "Budapest"]
[Date "2012.08.18"]
[Round "1"]
[White "Tesik, Csaba"]
[Black "Illner, Achim"]
[Result "1-0"]
[WhiteElo "2347"]
[BlackElo "2463"]
[PlyCount "79"]
[EventDate "2012.08.18"]
[EventType "tourn"]
[EventRounds "9"]
[EventCountry "HUN"]
[EventCategory "9"]
[SourceTitle "CBM 150 Extra"]
[Source "ChessBase"]
[SourceDate "2012.10.19"]
[SourceVersion "1"]
[SourceVersionDate "2012.10.19"]
[SourceQuality "1"]

1. e4 e6 2. d4 d5 3. Nd2 Nf6 4. e5 Nfd7 5. f4 c5 6. c3 Nc6 7. Ndf3 Qb6 8. g3 Be7 9. Bh3 a5 10. Ne2 a4 11. 0-0 0-0 12. Kh1 a3 13. b3 cxd4 14. cxd4 Ndb8 15. Nc3 Nb4 16. Be3 Bd7 17. g4 Qa6 18. Ne1 N8c6 19. Rf2 f6 20. exf6 Bxf6 21. g5 Bd8 22. Qd2 Ba5 23. Na4 b6 24. Bf1 Qb7 25. Nf3 Ne7 26. Ne5 Nbc6 27. Qd3 Nf5 28. Nxc6 Bxc6 29. Rc2 Bb4 30. Rac1 Bxa4 31. bxa4 Bd6 32. Bh3 Rxa4 33. Rc6 Qd7 34. Bxf5 Rxf5 35. Qb5 Ra8 36. Rc8+ Qxc8 37. Rxc8+ Rxc8 38. Qd7 Rc3 39. Qxe6+ Rf7 40. f5 1-0

[Event "Amsterdam Batavia Grolsch 4th"]
[Site "Amsterdam"]
[Date "2012.03.02"]
[Round "7"]
[White "Illner, Achim"]
[Black "Klein, David"]
[Result "1-0"]
[WhiteElo "2375"]
[BlackElo "2391"]
[PlyCount "65"]
[EventDate "2012.02.24"]
[EventType "tourn"]
[EventRounds "9"]
[EventCountry "NED"]
[EventCategory "8"]
[SourceTitle "CBM 147 Extra"]
[Source "ChessBase"]
[SourceDate "2012.04.24"]
[SourceVersion "1"]
[SourceVersionDate "2012.04.24"]
[SourceQuality "1"]

1. e4 c5 2. Nc3 a6 3. Nge2 d6 4. g3 Nf6 5. Bg2 e6 6. 0-0 Be7 7. h3 Nc6 8. d4 cxd4 9. Nxd4 Qc7 10. a4 0-0 11. b3 Nxd4 12. Qxd4 Bd7 13. Bb2 Rac8 14. Rfd1 Qa5 15. Rd3 Qh5 16. Qe3 Rc7 17. Ba3 Rfc8 18. e5 Qxe5 19. Qxe5 dxe5 20. Bxe7 Rxc3 21. Bxb7 Rxd3 22. Bxc8 Rc3 23. Bxa6 Nd5 24. Ba3 Rxc2 25. a5 e4 26. Bb7 Nc3 27. a6 e3 28. a7 exf2+ 29. Kh1 f6 30. a8Q+ Kf7 31. Rf1 Bb5 32. Bg2 g6 33. Qf8# 1-0

[Event "Amsterdam Batavia Grolsch 4th"]
[Site "Amsterdam"]
[Date "2012.03.01"]
[Round "6"]
[White "Ten Hertog, Hugo"]
[Black "Illner, Achim"]
[Result "0-1"]
[WhiteElo "2356"]
[BlackElo "2375"]
[PlyCount "110"]
[EventDate "2012.02.24"]
[EventType "tourn"]
[EventRounds "9"]
[EventCountry "NED"]
[EventCategory "8"]
[SourceTitle "CBM 147 Extra"]
[Source "ChessBase"]
[SourceDate "2012.04.24"]
[SourceVersion "1"]
[SourceVersionDate "2012.04.24"]
[SourceQuality "1"]

1. e4 e6 2. d4 d5 3. Nc3 Nf6 4. Bg5 dxe4 5. Nxe4 Nbd7 6. Nf3 h6 7. Nxf6+ Nxf6 8. Bh4 c5 9. Bb5+ Bd7 10. Bxd7+ Qxd7 11. dxc5 Bxc5 12. Qxd7+ Kxd7 13. Ne5+ Ke7 14. 0-0-0 Rhd8 15. c3 g5 16. Bg3 Nh5 17. Nd3 Bb6 18. Kc2 Rac8 19. f3 Ng7 20. Rde1 Nf5 21. Bf2 Bxf2 22. Nxf2 Rd5 23. Ne4 b5 24. a3 a5 25. Ng3 Nh4 26. Re2 Ng6 27. Rd1 Rxd1 28. Kxd1 Rd8+ 29. Kc2 Nf4 30. Rf2 f5 31. Ne2 Nd3 32. Rf1 Nxb2 33. Nd4 Nc4 34. Nc6+ Kf6 35. Nxd8 Ne3+ 36. Kd3 Nxf1 37. h3 Ng3 38. Nb7 a4 39. Nd6 Nh5 40. g4 Nf4+ 41. Ke3 Nxh3 42. Nxb5 Nf4 43. c4 fxg4 44. fxg4 Ng6 45. c5 Ne5 46. Kd4 Nxg4 47. c6 Ke7 48. Kc5 Nf6 49. Kb6 g4 50. Nc3 Ne8 51. Nxa4 g3 52. Nc3 g2 53. Ne2 Kd6 54. a4 h5 55. a5 h4 0-1